000 00741nas a2200253 i 4500
001 1566
003 ES-MaACL
005 20250217134249.0
007 t|
008 950801c1947 mx | | 1 ||pa d
022 _a0185-0121
080 _a811.134.2
245 0 0 _aNueva revista de filología hispánica /
_c[dir. Amado Alonso].
260 _aMéxico :
_bEl Colegio de México,
_c1947- (
_fTip. Indígena)
300 _a10 v. ;
_c26 cm.
310 _aTrimestral
362 0 _aTomo 1, n. 1 (jul.-sept. 1947)-
650 1 4 _aLingüística. Filología.
_914477
700 1 _aAlonso, Amado.
_920182
710 2 _aColegio de México.
_92911
852 _aES-MaACL
_jHem-939
866 0 _o1947(1948f.n.4)1949-56.
999 _c1566
_d1566